<?xml version="1.0" encoding="UTF-8"?>
<record
    xmlns:xsi="http://www.w3.org/2001/XMLSchema-instance"
    xsi:schemaLocation="http://www.loc.gov/MARC21/slim http://www.loc.gov/standards/marcxml/schema/MARC21slim.xsd"
    xmlns="http://www.loc.gov/MARC21/slim">

  <leader>00947cam a2200289 a 4500</leader>
  <controlfield tag="001">unk85042837 </controlfield>
  <controlfield tag="003">DLC</controlfield>
  <controlfield tag="005">20260227112803.0</controlfield>
  <controlfield tag="008">851011s1958    ch       l    000 0 chi  </controlfield>
  <datafield tag="010" ind1=" " ind2=" ">
    <subfield code="a">unk85042837 </subfield>
  </datafield>
  <datafield tag="040" ind1=" " ind2=" ">
    <subfield code="a">DLC</subfield>
    <subfield code="c">DLC</subfield>
  </datafield>
  <datafield tag="043" ind1=" " ind2=" ">
    <subfield code="a">a-ch---</subfield>
  </datafield>
  <datafield tag="050" ind1="0" ind2="0">
    <subfield code="a">HV8073</subfield>
    <subfield code="b">.P325 1958</subfield>
  </datafield>
  <datafield tag="066" ind1=" " ind2=" ">
    <subfield code="c">$1</subfield>
  </datafield>
  <datafield tag="100" ind1="1" ind2=" ">
    <subfield code="6">880-01</subfield>
    <subfield code="a">Pei, Kequan .</subfield>
  </datafield>
  <datafield tag="245" ind1="1" ind2="0">
    <subfield code="6">880-02</subfield>
    <subfield code="a">Po an shi li /</subfield>
    <subfield code="c">Pei Kequan zhuan.</subfield>
  </datafield>
  <datafield tag="250" ind1=" " ind2=" ">
    <subfield code="6">880-03</subfield>
    <subfield code="a">Chu ban.</subfield>
  </datafield>
  <datafield tag="260" ind1=" " ind2=" ">
    <subfield code="6">880-04</subfield>
    <subfield code="a">Tai bei xian :</subfield>
    <subfield code="b">Pei Kequan,</subfield>
    <subfield code="c">Minguo 47 [1958]</subfield>
  </datafield>
  <datafield tag="300" ind1=" " ind2=" ">
    <subfield code="6">880-05</subfield>
    <subfield code="a">[12], 250, [3] p. ;</subfield>
    <subfield code="c">19 cm.</subfield>
  </datafield>
  <datafield tag="504" ind1=" " ind2=" ">
    <subfield code="6">880-06</subfield>
    <subfield code="a">Fu lu: Nei zheng bu si fa xing zheng bu tong ling.</subfield>
  </datafield>
  <datafield tag="650" ind1=" " ind2="0">
    <subfield code="a">Criminal investigation</subfield>
    <subfield code="z">Taiwan.</subfield>
  </datafield>
  <datafield tag="880" ind1="1" ind2=" ">
    <subfield code="6">100-01/$1</subfield>
    <subfield code="a">&#x88F4;&#x53EF;&#x6B0A;.</subfield>
  </datafield>
  <datafield tag="880" ind1="1" ind2="0">
    <subfield code="6">245-02/$1</subfield>
    <subfield code="a">&#x7834;&#x6848;&#x5BE6;&#x4F8B; /</subfield>
    <subfield code="c">&#x88F4;&#x53EF;&#x6B0A;&#x64B0;.</subfield>
  </datafield>
  <datafield tag="880" ind1=" " ind2=" ">
    <subfield code="6">250-03/$1</subfield>
    <subfield code="a">&#x521D;&#x7248;</subfield>
  </datafield>
  <datafield tag="880" ind1=" " ind2=" ">
    <subfield code="6">260-04/$1</subfield>
    <subfield code="a">&#x81FA;&#x5317;&#x7E23; :</subfield>
    <subfield code="b">&#x88F4;&#x53EF;&#x6B0A;,</subfield>
    <subfield code="c">&#x6C11;&#x570B;47 [1958]</subfield>
  </datafield>
  <datafield tag="880" ind1=" " ind2=" ">
    <subfield code="6">504-06/$1</subfield>
    <subfield code="a">&#x9644;&#x9304;: &#x5167;&#x653F;&#x90E8;&#x53F8;&#x6CD5;&#x884C;&#x653F;&#x90E8;&#x901A;&#x4EE4;</subfield>
  </datafield>
  <datafield tag="999" ind1=" " ind2=" ">
    <subfield code="c">91678</subfield>
    <subfield code="d">91678</subfield>
  </datafield>
</record>
